Most Points by Grizzlies Since 2000 - Statistics

General Stats
  • This quiz has been taken 4 times
  • The average score is 16 of 50
Answer Stats
Hint Answer Points % Correct
7. Ja Morant 7331
100%
2. Marc Gasol 11,684
100%
18. Brandon Clarke 3144
75%
37. GG Jackson 1379
75%
6. Jaren Jackson Jr. 8382
75%
1. Mike Conley 11,733
75%
4. Pau Gasol 8966
75%
3. Zach Randolph 9261
75%
35. Bonzi Wells 1449
50%
44. Bryant Reeves 1217
50%
9. Desmond Bane 5580
50%
10. Dillon Brooks 5002
50%
30. Jaylen Wells 1608
50%
43. Kyle Lowry 1233
50%
11. O.J. Mayo 4584
50%
5. Rudy Gay 8562
50%
20. Santi Aldama 2895
50%
16. Shareef-Abdur Rahim 3326
50%
27. Courtney Lee 1828
25%
46. Dahntay Jones 1133
25%
49. Eddie Jones 1046
25%
25. Jamychal Green 2293
25%
15. Jason Williams 3400
25%
42. Jeff Green 1234
25%
26. Kyle Anderson 2148
25%
17. Lorenzen Wright 3148
25%
39. Luke Kennard 1277
25%
22. Mike Bibby 2491
25%
8. Mike Miller 5982
25%
45. Scotty Pippen Jr. 1164
25%
12. Shane Battier 4275
25%
13. Tony Allen 4128
25%
24. Tyus Jones 2381
25%
38. Vince Carter 1365
25%
47. Ziaire Williams 1131
25%
34. Chucky Atkins 1479
0%
29. Darrell Arthur 1656
0%
28. Deanthony Melton 1718
0%
33. Earl Watson 1508
0%
50. Grant Long 1016
0%
19. Hakim Warrick 3126
0%
32. James Posey 1531
0%
36. John Konchar 1393
0%
23. Jonas Valanciunas 2481
0%
48. Mario Chalmers 1102
0%
21. Michael Dickerson 2710
0%
31. Othella Harrington 1556
0%
41. Sam Young 1241
0%
14. Stromile Swift 3829
0%
40. Xavier Tillman 1275
0%
No matching quizzes found
Score Distribution
Percent of People with Each Score
Percentile by Number Answered
Your Score History
You have not taken this quiz